• 首页
  • 本馆介绍
  • 公告通知
  • 最新文献
  • 馆藏检索
  • 电子资源
  • 读者导购
  • 参考咨询
  • 我的图书馆
  • 登录
  • 详细信息显示
  • 放入我的书架
  • 预约/预借图书
  • 作者相关作品
  • 分类相关作品
  • 丛书相关作品
  • 出版社相关作品

书目信息

  • 表格格式
  • 工作单格式
  • 卡片格式
题名:
花城版小学音乐课堂教学设计优秀案例集
    
 
作者: 曾辉华 主编
分册:   六年级
出版信息: 广州   暨南大学出版社  2021.1
页数: 248页
开本: 25cm
丛书名:
单 册:
中图分类: G623.712
科图分类:
主题词: 音乐课--教案(教育)--小学
电子资源:
ISBN: 978-7-5668-3067-8
000 01178nam0 2200229 45
001 012001003249
005 20140909090107.0
010    @a978-7-5668-3067-8@dCNY59.80
100    @a20210521d2021 em y0chiy0110 ea
101 0  @achi
102    @aCN@b440000
105    @ay z 000yy
106    @ar
200 1  @a花城版小学音乐课堂教学设计优秀案例集@Ahua cheng ban xiao xue yin yue ke tang jiao xue she ji you xiu an li ji@i六年级@f曾辉华主编
210    @a广州@c暨南大学出版社@d2021.1
215    @a248页@d25cm
330    @a本书由深圳市龙岗区音乐教研员普辉华主编,深圳市龙岗区各小学中多位优秀教师共同编纂而成,展示并总结了一些可操作性强的教学案例。这些教案从音乐课的不同课型展开,综合了多种教学方法,针对六年级学生处于小学毕业阶段的特点,抓住了从小学转变至初中学习的衔接这一要点,为六年级音乐的一线教师提供了值得借鉴和学习的经验。各位教师在教案中关注了知识的传播、音乐素养的锻炼,也关注了学生心理、生理的变化,同时对小升初的内容衔接也做了较好的区分,对于培养六年级学生的音乐能力和感知能力是大有裨益的。
606 0  @a音乐课@x教案(教育)@x小学
690    @aG623.712@v5
701  0 @a曾辉华@Azeng hui hua@4主编
801    @aCN@bAHXH@c20210922
905    @b1325205-9@dG623.712@e2138@f5
    
    花城版小学音乐课堂教学设计优秀案例集.六年级/曾辉华主编.-广州:暨南大学出版社,2021.1
    248页;25cm
    
    
    ISBN 978-7-5668-3067-8:CNY59.80
    本书由深圳市龙岗区音乐教研员普辉华主编,深圳市龙岗区各小学中多位优秀教师共同编纂而成,展示并总结了一些可操作性强的教学案例。这些教案从音乐课的不同课型展开,综合了多种教学方法,针对六年级学生处于小学毕业阶段的特点,抓住了从小学转变至初中学习的衔接这一要点,为六年级音乐的一线教师提供了值得借鉴和学习的经验。各位教师在教案中关注了知识的传播、音乐素养的锻炼,也关注了学生心理、生理的变化,同时对小升初的内容衔接也做了较好的区分,对于培养六年级学生的音乐能力和感知能力是大有裨益的。
●
相关链接 在E读中查询图书 在五车中查询图书 在当当中查询图书 在豆瓣中查询图书


正题名:花城版小学音乐课堂教学设计优秀案例集     索取号:G623.712/2138         预约/预借

序号 登录号 条形码 馆藏地/架位号 状态 备注
1 1325205   213252059   第一样本阅览室/ [索取号:G623.712/2138] 在馆    
2 1325206   213252068   教育系资料室/ [索取号:G623.712/2138] 在馆    
3 1325207   213252077   教育系资料室/ [索取号:G623.712/2138] 在馆    
4 1325208   213252086   第四借阅区/ [索取号:G623.712/2138] 在馆    
5 1325209   213252095   第四借阅区/ [索取号:G623.712/2138] 在馆    
唐山师范学院图书馆 欢迎您!
大连网信软件有限公司© 版权所有